[Event "BL 8990 Porz-Regensburg"]
[Site "?"]
[Date "1990.??.??"]
[Round "?.8"]
[White "Heinbuch, D."]
[Black "Muehl, T."]
[Result "1/2-1/2"]
[WhiteElo "2350"]
[BlackElo "2280"]
[PlyCount "88"]
[EventDate "1990.??.??"]

1. d4 e6 2. c4 f5 3. Nc3 Nf6 4. g3 d5 5. Nf3 c6 6. b3 Bd6 7. Bg2 O-O 8. O-O Ne4
9. Qc2 Bd7 10. Bf4 Bxf4 11. gxf4 Be8 12. Ne5 Nd7 13. Nxd7 Qxd7 14. e3 Bh5 15.
Na4 Qe7 16. f3 Nd6 17. Nc5 Rac8 18. Rf2 Kh8 19. Nd3 Rg8 20. Kh1 g5 21. fxg5
Rxg5 22. c5 Nf7 23. f4 Rg7 24. Rg1 Rcg8 25. Rff1 Nh6 26. Qf2 Ng4 27. Qe1 Qf6
28. Bh3 Nh6 29. Rxg7 Qxg7 30. Ne5 Qf6 31. Rg1 Bg4 32. Bf1 Rg7 33. b4 Nf7 34.
Qf2 Nxe5 35. fxe5 Qh6 36. Rg3 Rg6 37. Qf4 Qh5 38. h3 Bd1 39. Kh2 Kg7 40. Bg2 h6
41. Rxg6+ Kxg6 42. Qg3+ Kf7 43. Qe1 a6 44. Qf2 Ke8 1/2-1/2

[Event "BL 8990 Koblenz-Zehlendorf"]
[Site "?"]
[Date "1990.??.??"]
[Round "?.1"]
[White "Hulak, K."]
[Black "Garcia Palermo, C."]
[Result "1-0"]
[WhiteElo "2550"]
[BlackElo "2465"]
[PlyCount "78"]
[EventDate "1990.??.??"]

1. c4 e5 2. Nc3 Nc6 3. d3 Nge7 4. Nf3 d5 5. cxd5 Nxd5 6. e3 g6 7. Be2 Bg7 8.
Qc2 Ndb4 9. Qb1 Bf5 10. Ne4 Bg4 11. Ned2 a5 12. a3 Nd5 13. Qc2 O-O 14. O-O h6
15. Ne4 Bc8 16. Bd2 Kh7 17. Rfd1 f5 18. Be1 Nde7 19. Nc3 b6 20. Rab1 Bb7 21. b4
axb4 22. axb4 Qd7 23. b5 Na5 24. e4 Ra7 25. Rb4 Qd6 26. Qb1 Ba8 27. d4 exd4 28.
Nxd4 Qf6 29. Nf3 c5 30. bxc6 Naxc6 31. Rxb6 fxe4 32. Nxe4 Qf4 33. Bd2 Qc7 34.
Be3 Ne5 35. Nfg5+ hxg5 36. Nxg5+ Kh8 37. Ne6 Qc8 38. Nxf8 Ra1 39. Qxa1 Nf3+ 1-0

[Event "BL 8990 Koblenz-Zehlendorf"]
[Site "?"]
[Date "1990.??.??"]
[Round "?.2"]
[White "Braga, F."]
[Black "Wockenfuss, K."]
[Result "1-0"]
[WhiteElo "2470"]
[BlackElo "2405"]
[PlyCount "65"]
[EventDate "1990.??.??"]

1. e4 e5 2. Nf3 Nc6 3. Bc4 Nf6 4. Nc3 Nxe4 5. Nxe4 d5 6. Bd3 dxe4 7. Bxe4 Bd6
8. d4 exd4 9. Bxc6+ bxc6 10. Qxd4 O-O 11. Be3 Be6 12. Ng5 Bf5 13. O-O-O Qe7 14.
g4 c5 15. Qc4 Bd7 16. Rhe1 Rab8 17. h3 h6 18. Qe4 hxg5 19. Qxe7 Bxe7 20. Rxd7
Bd6 21. Bxg5 Rfe8 22. Rxe8+ Rxe8 23. Bd8 Bf4+ 24. Kd1 c6 25. Be7 c4 26. Rxa7
Rb8 27. b3 c3 28. a4 Kh7 29. Rd7 Kg6 30. Bd6 Bxd6 31. Rxd6+ Kg5 32. Rxc6 Rd8+
33. Ke1 1-0

[Event "BL 8990 Koblenz-Zehlendorf"]
[Site "?"]
[Date "1990.??.??"]
[Round "?.3"]
[White "Cladouras, P."]
[Black "Seul, G."]
[Result "0-1"]
[WhiteElo "2425"]
[BlackElo "2355"]
[PlyCount "98"]
[EventDate "1990.??.??"]

1. e4 c5 2. Nf3 Nc6 3. Bb5 d6 4. O-O Bd7 5. Re1 Nf6 6. c3 a6 7. Bf1 Bg4 8. h3
Bxf3 9. Qxf3 g6 10. d3 Bg7 11. Qd1 O-O 12. a3 Ne8 13. Be3 Nc7 14. Nd2 b6 15.
Nb3 d5 16. d4 dxe4 17. dxc5 b5 18. Qc2 f5 19. Rad1 Qe8 20. c4 Kh8 21. cxb5 axb5
22. Bd4 Nxd4 23. Nxd4 e5 24. Nb3 Ne6 25. c6 Nd4 26. Nxd4 exd4 27. Qc5 Rc8 28.
Bxb5 Qd8 29. Rd2 d3 30. Red1 Bd4 31. Qb4 Qf6 32. Kh1 Rfd8 33. c7 Rf8 34. Rc1
Be5 35. Rc6 Rxc7 36. Rxc7 Bxc7 37. Bxd3 exd3 38. Rxd3 Rd8 39. Rxd8+ Bxd8 40. g3
Be7 41. Qb5 Kg7 42. a4 Qd4 43. Kg1 Bc5 44. Qe2 Bd6 45. a5 Bxg3 46. a6 Bd6 47.
b4 Bxb4 48. a7 Qa1+ 49. Kg2 Bc5 0-1

[Event "BL 8990 Koblenz-Zehlendorf"]
[Site "?"]
[Date "1990.??.??"]
[Round "?.4"]
[White "Wolf, V."]
[Black "Loeffler, S."]
[Result "1/2-1/2"]
[WhiteElo "2340"]
[BlackElo "2305"]
[PlyCount "46"]
[EventDate "1990.??.??"]

1. e4 e5 2. Nc3 Nf6 3. Nf3 Nc6 4. d4 exd4 5. Nxd4 Bb4 6. Nxc6 bxc6 7. Bd3 d5 8.
exd5 cxd5 9. O-O O-O 10. Bg5 c6 11. Ne2 Bg4 12. h3 Bh5 13. c3 Bd6 14. Qa4 Bxe2
15. Bxe2 Qe8 16. Bxf6 Qxe2 17. Rfe1 Qxb2 18. Qxc6 Qb6 19. Qxb6 axb6 20. Be7
Bxe7 21. Rxe7 Rfc8 22. Rb1 Rc6 23. Rb7 g6 1/2-1/2

[Event "BL 8990 Koblenz-Zehlendorf"]
[Site "?"]
[Date "1990.??.??"]
[Round "?.5"]
[White "Vogel, R."]
[Black "Bayer, E."]
[Result "1-0"]
[WhiteElo "2320"]
[BlackElo "2355"]
[PlyCount "83"]
[EventDate "1990.??.??"]

1. d4 d5 2. c4 e6 3. Nc3 Nf6 4. cxd5 exd5 5. Bg5 c6 6. Qc2 Be7 7. e3 O-O 8. Bd3
Nbd7 9. Nf3 Re8 10. O-O Nf8 11. Rae1 g6 12. Ne5 Ne6 13. f4 Ng7 14. f5 c5 15.
fxg6 fxg6 16. Bxf6 Bxf6 17. Nxd5 Bxe5 18. dxe5 Rxe5 19. Nf6+ Kh8 20. Bxg6 Bf5
21. Bxf5 Qxf6 22. Bxh7 Qe7 23. Rf3 Rh5 24. Bg6 Rh6 25. Ref1 Qd6 26. Rg3 Rf8 27.
Rxf8+ Qxf8 28. Qc3 Qd6 29. Bc2 Rf6 30. Rh3+ Kg8 31. Qb3+ Ne6 32. Qd3 Qxd3 33.
Bxd3 Nc7 34. Bc4+ Kf8 35. Rf3 Ke7 36. Rxf6 Kxf6 37. a4 b6 38. Kf2 a6 39. Kf3 b5
40. axb5 axb5 41. Bg8 c4 42. Ke4 1-0

[Event "BL 8990 Koblenz-Zehlendorf"]
[Site "?"]
[Date "1990.??.??"]
[Round "?.6"]
[White "Brueckner, T."]
[Black "Lehmann, H."]
[Result "1/2-1/2"]
[WhiteElo "2410"]
[BlackElo "2280"]
[PlyCount "81"]
[EventDate "1990.??.??"]

1. d4 Nf6 2. c4 g6 3. Nc3 d5 4. Nf3 Bg7 5. e3 O-O 6. cxd5 Nxd5 7. Bc4 Nb6 8.
Bb3 c5 9. O-O cxd4 10. exd4 Nc6 11. d5 Na5 12. Re1 Nxb3 13. axb3 Bg4 14. h3
Bxf3 15. Qxf3 Qd7 16. Bg5 Rfe8 17. Rad1 Nc8 18. d6 Nxd6 19. Nd5 f6 20. Bh4 Kh8
21. Bg3 Rac8 22. h4 b6 23. h5 gxh5 24. Qxh5 Qf5 25. Qh4 e5 26. Nxb6 Rcd8 27.
Nd5 Qg6 28. Nc7 Re7 29. Qb4 Rxc7 30. Rxd6 Qe8 31. Red1 Rdc8 32. Qg4 Rc1 33. Rd7
Qg6 34. Qxg6 hxg6 35. Rxc1 Rxc1+ 36. Kh2 Ra1 37. f3 Ra2 38. Rd2 Kh7 39. Bf2 g5
40. Bc5 Ra5 41. b4 1/2-1/2

[Event "BL 8990 Koblenz-Zehlendorf"]
[Site "?"]
[Date "1990.??.??"]
[Round "?.8"]
[White "Schlick, V."]
[Black "Von Herman, U."]
[Result "1-0"]
[WhiteElo "2295"]
[BlackElo "2245"]
[PlyCount "75"]
[EventDate "1990.??.??"]

1. e4 e6 2. d4 d5 3. Nc3 Bb4 4. e5 c5 5. a3 Bxc3+ 6. bxc3 Ne7 7. a4 Qa5 8. Bd2
Nbc6 9. Bb5 Bd7 10. Ne2 O-O 11. O-O Qc7 12. Bg5 h6 13. Bf4 Ng6 14. Bg3 Nce7 15.
Bd3 c4 16. Bxg6 fxg6 17. Bf4 Nf5 18. Bc1 Rf7 19. a5 g5 20. Ng3 Be8 21. Nh5 Rd7
22. f4 Bxh5 23. Qxh5 gxf4 24. Rxf4 Qd8 25. Bd2 Qe8 26. Qg4 Rf7 27. Qh3 Qe7 28.
g4 Qh4 29. Qf1 g5 30. Be1 gxf4 31. Bxh4 Nxh4 32. Qh3 Ng6 33. Qxh6 Rg7 34. h4 f3
35. h5 f2+ 36. Kxf2 Rf8+ 37. Kg3 Nf4 38. Qxf4 1-0

[Event "BL 8990 Porz-Lasker"]
[Site "?"]
[Date "1990.??.??"]
[Round "?.3"]
[White "Muse, M."]
[Black "Fleck, J."]
[Result "1-0"]
[WhiteElo "2415"]
[BlackElo "2415"]
[PlyCount "71"]
[EventDate "1990.??.??"]

1. d4 Nf6 2. c4 g6 3. Nc3 d5 4. Nf3 Bg7 5. cxd5 Nxd5 6. e4 Nxc3 7. bxc3 c5 8.
Rb1 O-O 9. Be2 Nc6 10. d5 Ne5 11. Nxe5 Bxe5 12. Qd2 e6 13. f4 Bg7 14. c4 Rb8
15. O-O exd5 16. cxd5 Bd4+ 17. Kh1 f5 18. Rb4 Bg7 19. Rc4 fxe4 20. Rxc5 Bd7 21.
Bb2 Bxb2 22. Qxb2 Qf6 23. Qb3 Qd6 24. Qe3 a6 25. Rc4 Rbe8 26. Rd4 Re7 27. a4
Rfe8 28. a5 Qc5 29. d6 Rg7 30. Rc1 Qxa5 31. Rxe4 Qd8 32. Rxe8+ Bxe8 33. Qe6+
Kf8 34. Rc8 Qd7 35. Bc4 Rf7 36. Qe5 1-0

[Event "BL 8990 Porz-Lasker"]
[Site "?"]
[Date "1990.??.??"]
[Round "?.4"]
[White "Lutz, C."]
[Black "Lehmann, K."]
[Result "1-0"]
[WhiteElo "2410"]
[BlackElo "2305"]
[PlyCount "81"]
[EventDate "1990.??.??"]

1. d4 Nf6 2. c4 e6 3. Nc3 Bb4 4. e3 c5 5. Bd3 d5 6. cxd5 Nxd5 7. Nge2 cxd4 8.
exd4 Nc6 9. O-O O-O 10. Bc2 b6 11. Qd3 g6 12. Bb3 Nxc3 13. bxc3 Bd6 14. Ng3 Qh4
15. Bb2 Bb7 16. Rad1 Na5 17. c4 Rad8 18. Rfe1 Nxb3 19. axb3 Rd7 20. Qc3 Qf6 21.
Qc1 Qf4 22. Qa1 h5 23. d5 exd5 24. Bc1 Qh4 25. Bh6 d4 26. Rxd4 Qf6 27. Nxh5 Qh8
28. Bxf8 Bxh2+ 29. Kf1 Be5 30. Bg7 Bxg7 31. Re8+ Bf8 32. Qa3 Qxd4 33. Qxf8+ Kh7
34. Qg8+ Kh6 35. Qh8+ Qxh8 36. Rxh8+ Kg5 37. f4+ Kg4 38. Nf6+ Kf5 39. Nxd7 Be4
40. g3 a5 41. Kf2 1-0

[Event "BL 8990 Porz-Lasker"]
[Site "?"]
[Date "1990.??.??"]
[Round "?.5"]
[White "Junge, R."]
[Black "Schoen, W."]
[Result "0-1"]
[WhiteElo "2360"]
[BlackElo "2360"]
[PlyCount "76"]
[EventDate "1990.??.??"]

1. e4 e5 2. Nf3 Nc6 3. Bb5 a6 4. Ba4 Nf6 5. O-O Nxe4 6. d4 b5 7. Bb3 d5 8. dxe5
Be6 9. Be3 Be7 10. c3 Nc5 11. Bc2 Bg4 12. Re1 Qd7 13. Nbd2 Ne6 14. Qb1 Bh5 15.
Bf5 Bg6 16. Nb3 Ncd8 17. Rd1 c5 18. h4 Bxf5 19. Qxf5 Nb7 20. Rd2 Rd8 21. Rad1
O-O 22. Rxd5 Qxd5 23. Rxd5 Rxd5 24. Qe4 Rfd8 25. c4 R5d7 26. Nbd2 Na5 27. b3
Rc8 28. Qg4 Nc6 29. Ne4 Rcd8 30. Nc3 bxc4 31. bxc4 Nb4 32. h5 Rd3 33. Ne2 Nc2
34. Bh6 Kh8 35. Bg5 Rxf3 36. Bxe7 Rd1+ 37. Kh2 Rfd3 38. h6 g6 0-1

[Event "BL 8990 Porz-Lasker"]
[Site "?"]
[Date "1990.??.??"]
[Round "?.6"]
[White "Ostermeyer, P."]
[Black "Maxion, D."]
[Result "1/2-1/2"]
[WhiteElo "2465"]
[BlackElo "2210"]
[PlyCount "23"]
[EventDate "1990.??.??"]

1. e4 c5 2. Nf3 d6 3. c3 Nf6 4. Be2 g6 5. O-O Bg7 6. Re1 O-O 7. Bf1 Nc6 8. h3
e5 9. d3 h6 10. Be3 b6 11. a4 d5 12. Qc2 1/2-1/2

[Event "BL 8990 Porz-Lasker"]
[Site "?"]
[Date "1990.??.??"]
[Round "?.7"]
[White "Paulsen, D."]
[Black "Jackelen, T."]
[Result "1/2-1/2"]
[WhiteElo "2295"]
[BlackElo "2355"]
[PlyCount "52"]
[EventDate "1990.??.??"]

1. d4 Nf6 2. c4 e6 3. Nf3 Bb4+ 4. Bd2 Qe7 5. g3 Nc6 6. Bg2 Bxd2+ 7. Nbxd2 d6 8.
O-O a5 9. Nb1 e5 10. Nc3 O-O 11. h3 e4 12. Ne1 Bf5 13. Nc2 Qd7 14. Kh2 Bg6 15.
Qd2 Rfe8 16. Ne3 h6 17. Rae1 Ne7 18. f4 exf3 19. exf3 c6 20. f4 Nf5 21. Ng4 Nh5
22. Rxe8+ Rxe8 23. Rf3 Qe7 24. Rd3 Qe1 25. Qxe1 Rxe1 26. c5 d5 1/2-1/2

[Event "BL 8990 Porz-Lasker"]
[Site "?"]
[Date "1990.??.??"]
[Round "?.8"]
[White "Heinbuch, D."]
[Black "Schneider, Bhd"]
[Result "1/2-1/2"]
[WhiteElo "2350"]
[BlackElo "2265"]
[PlyCount "60"]
[EventDate "1990.??.??"]

1. d4 Nf6 2. Nf3 g6 3. c4 Bg7 4. Nc3 d6 5. g3 O-O 6. Bg2 Na6 7. O-O c5 8. d5
Nc7 9. a4 e5 10. Ne1 Nfe8 11. e4 Rb8 12. Nd3 Bd7 13. Be3 Na6 14. Nb5 Ra8 15.
Qd2 f5 16. f3 Rf7 17. Rfc1 Nac7 18. b4 b6 19. Nxc7 Qxc7 20. a5 Rc8 21. Ra3 fxe4
22. fxe4 Nf6 23. h3 Rcf8 24. Kh2 Qc8 25. axb6 axb6 26. b5 Nh5 27. Ra6 Qd8 28.
Bg5 Bf6 29. Bh6 Bg7 30. Bg5 Bf6 1/2-1/2

[Event "BL 8990 Zehlendorf-Porz"]
[Site "?"]
[Date "1990.??.??"]
[Round "?.2"]
[White "Wockenfuss, K."]
[Black "Christiansen, L."]
[Result "0-1"]
[WhiteElo "2405"]
[BlackElo "2555"]
[PlyCount "76"]
[EventDate "1990.??.??"]

1. d4 Nf6 2. Nc3 d5 3. Bg5 Nbd7 4. Nf3 g6 5. e3 Bg7 6. Bd3 c5 7. O-O O-O 8. Ne5
cxd4 9. exd4 Qb6 10. Nxd7 Bxd7 11. Bxf6 Qxf6 12. Nxd5 Qd6 13. Be4 Rad8 14. c4
Bc6 15. Qe2 e6 16. Nc3 Bxd4 17. Rad1 Qb4 18. Nb5 Bxb5 19. cxb5 b6 20. b3 e5 21.
Bd3 Rd6 22. Bc4 Rf6 23. Rd3 Kg7 24. Kh1 Qc5 25. Rf3 Qc7 26. Qe4 Rd6 27. Qh4 f5
28. Rh3 Kh8 29. Qh6 Rfd8 30. Qg5 Qg7 31. Rd3 e4 32. Rdd1 Qe5 33. h4 Kg7 34. h5
h6 35. Qc1 f4 36. Be2 f3 37. gxf3 Qxh5+ 38. Kg2 Rd5 0-1

[Event "BL 8990 Zehlendorf-Porz"]
[Site "?"]
[Date "1990.??.??"]
[Round "?.3"]
[White "Miles, A."]
[Black "Cladouras, P."]
[Result "1-0"]
[WhiteElo "2580"]
[BlackElo "2425"]
[PlyCount "91"]
[EventDate "1990.??.??"]

1. c4 e5 2. Nc3 Nf6 3. Nf3 d6 4. g3 Be7 5. Bg2 O-O 6. O-O c6 7. Qc2 Re8 8. d4
Nbd7 9. Rd1 Qc7 10. b3 Bf8 11. e3 a6 12. Bb2 e4 13. Ne1 d5 14. cxd5 cxd5 15.
Nxe4 Qxc2 16. Nxf6+ Nxf6 17. Nxc2 Bf5 18. Rac1 Rac8 19. Ne1 Bd6 20. Bf1 g5 21.
h3 h5 22. Nd3 g4 23. hxg4 hxg4 24. Ne5 Kg7 25. Bd3 Ne4 26. Be2 Nf6 27. Rxc8
Rxc8 28. Rc1 Rh8 29. f3 gxf3 30. Bxf3 Ne4 31. g4 Bh7 32. Nd7 Bg6 33. Nc5 Rh3
34. Bxe4 Bxe4 35. Nxe4 dxe4 36. d5+ Kg6 37. Rc8 Rg3+ 38. Kf2 Rxg4 39. Rd8 Bg3+
40. Kf1 Rg5 41. d6 Rf5+ 42. Kg2 Bh4 43. Rg8+ Kh5 44. Rh8+ Kg4 45. Rxh4+ Kxh4
46. d7 1-0

[Event "BL 8990 Zehlendorf-Porz"]
[Site "?"]
[Date "1990.??.??"]
[Round "?.4"]
[White "Pritchett, C."]
[Black "Fleck, J."]
[Result "1/2-1/2"]
[WhiteElo "2360"]
[BlackElo "2415"]
[PlyCount "162"]
[EventDate "1990.??.??"]

1. e4 e5 2. Nf3 Nc6 3. Bb5 a6 4. Ba4 Nf6 5. O-O Be7 6. Re1 b5 7. Bb3 O-O 8. h3
Bb7 9. d3 h6 10. Nc3 Re8 11. Bd2 Bf8 12. Nd5 d6 13. a4 Nb8 14. Ne3 Nbd7 15. c3
Nc5 16. Bc2 bxa4 17. Nc4 Rb8 18. Be3 Nfd7 19. Nfd2 g6 20. Na5 Ba8 21. d4 exd4
22. cxd4 Ne6 23. Bxa4 Bg7 24. Ndc4 Rb4 25. Qd2 Rxa4 26. Rxa4 Nb6 27. Nxb6 cxb6
28. d5 Nc5 29. Bxc5 dxc5 30. Nb3 Bb7 31. Nc1 Qd7 32. Ra3 h5 33. Rf3 Re7 34. Nd3
c4 35. Nf4 Qd6 36. Qc2 b5 37. Ne2 Qb4 38. Nc3 Qc5 39. Rd1 Be5 40. d6 Bxd6 41.
Qd2 Rd7 42. g3 Bc6 43. Nd5 Be5 44. Qg5 Qd6 45. Rd2 Qe6 46. Rf6 Bxf6 47. Nxf6+
Kg7 48. Nxd7 Bxd7 49. e5 a5 50. Rd6 Qf5 51. Qf6+ Kh7 52. Qxf5 Bxf5 53. Rd5 b4
54. Rxa5 Bxh3 55. Ra4 c3 56. bxc3 bxc3 57. Rc4 Be6 58. Rxc3 Kh6 59. Rf3 Kg5 60.
Rf4 Bf5 61. f3 Be6 62. Kf2 Bf5 63. Ke3 Be6 64. Kd4 Kh6 65. Kc5 Kg7 66. Kd6 g5
67. Rb4 Kg6 68. Kc5 Kf5 69. Kd6 Kg6 70. Ra4 Bb3 71. Ra3 Be6 72. Ra4 Bb3 73. Rd4
Be6 74. Ke7 Kf5 75. Kd6 Kg6 76. Rb4 Ba2 77. Rb8 Be6 78. Rh8 Bb3 79. Ke7 Bd5 80.
f4 gxf4 81. gxf4 Kf5 1/2-1/2

[Event "BL 8990 Zehlendorf-Porz"]
[Site "?"]
[Date "1990.??.??"]
[Round "?.5"]
[White "Lutz, C."]
[Black "Loeffler, S."]
[Result "1-0"]
[WhiteElo "2410"]
[BlackElo "2305"]
[PlyCount "61"]
[EventDate "1990.??.??"]

1. d4 Nf6 2. c4 c5 3. d5 g6 4. Nc3 Bg7 5. e4 d6 6. Nf3 O-O 7. h3 e6 8. Bd3 exd5
9. cxd5 Na6 10. O-O Nc7 11. Re1 Rb8 12. a4 a6 13. a5 Bd7 14. Bf4 Bb5 15. e5
dxe5 16. Bxe5 Nfxd5 17. Nxd5 Qxd5 18. Bxb5 Qxd1 19. Raxd1 Nxb5 20. Bxb8 Rxb8
21. Ne5 Nd4 22. Nd7 Rc8 23. Nxc5 Nc2 24. Re4 Rxc5 25. Rd8+ Bf8 26. Ree8 Kg7 27.
Rxf8 Rxa5 28. Rg8+ Kf6 29. Rd6+ Kg5 30. Rg7 Rf5 31. Rxh7 1-0

[Event "BL 8990 Zehlendorf-Porz"]
[Site "?"]
[Date "1990.??.??"]
[Round "?.7"]
[White "Ostermeyer, P."]
[Black "Lehmann, H."]
[Result "1/2-1/2"]
[WhiteElo "2465"]
[BlackElo "2280"]
[PlyCount "95"]
[EventDate "1990.??.??"]

1. e4 c5 2. Nf3 Nc6 3. Bb5 g6 4. O-O Bg7 5. c3 Nf6 6. Re1 O-O 7. d4 cxd4 8.
cxd4 d5 9. e5 Ne4 10. Nc3 Nxc3 11. bxc3 Na5 12. Bg5 Bd7 13. Bd3 Rc8 14. Rc1 Nc4
15. Qb3 Bc6 16. e6 f6 17. Bf4 Qb6 18. h4 Be8 19. Rb1 Qxb3 20. axb3 Nb6 21. c4
a6 22. Re2 h6 23. c5 Na8 24. g4 g5 25. Bg3 h5 26. hxg5 hxg4 27. Nh4 fxg5 28.
Nf5 Rxf5 29. Bxf5 Bxd4 30. b4 Bf6 31. Bxg4 Nc7 32. Be5 Kg7 33. Bxf6+ Kxf6 34.
Rb3 Nb5 35. Rf3+ Kg6 36. Re5 Nd4 37. Rd3 Nc6 38. Rexd5 Nxb4 39. Rd8 Rxc5 40.
Rh3 Rc1+ 41. Kh2 Bc6 42. f3 Nd5 43. Rg8+ Kf6 44. Rh6+ Ke5 45. Rxg5+ Kd6 46. Rh8
Nf6 47. Rd8+ Kc7 48. Rd2 1/2-1/2

[Event "BL 8990 Zehlendorf-Porz"]
[Site "?"]
[Date "1990.??.??"]
[Round "?.8"]
[White "Lieb, H."]
[Black "Jackelen, T."]
[Result "1/2-1/2"]
[WhiteElo "2250"]
[BlackElo "2355"]
[PlyCount "55"]
[EventDate "1990.??.??"]

1. d4 Nf6 2. c4 e6 3. Nc3 d5 4. Bg5 Be7 5. e3 O-O 6. cxd5 exd5 7. Qc2 Nbd7 8.
Bd3 Re8 9. Nf3 Nf8 10. O-O c6 11. Rab1 Bd6 12. h3 Ng6 13. b4 h6 14. Bxh6 gxh6
15. Bxg6 fxg6 16. Qxg6+ Kh8 17. Qxh6+ Nh7 18. Qh5 Rg8 19. e4 Qd7 20. Ne5 Bxe5
21. Qxe5+ Qg7 22. Kh2 Nf6 23. Rg1 Nxe4 24. Qh5+ Qh7 25. Qe5+ Rg7 26. Qe8+ Qg8
27. Qh5+ Rh7 28. Qe5+ 1/2-1/2

[Event "BL 8990 Lasker-Koblenz"]
[Site "?"]
[Date "1990.??.??"]
[Round "?.1"]
[White "Garcia Palermo, C."]
[Black "Brunner, L."]
[Result "0-1"]
[WhiteElo "2465"]
[BlackElo "2505"]
[PlyCount "82"]
[EventDate "1990.??.??"]

1. c4 Nf6 2. Nf3 e6 3. Nc3 c5 4. g3 d5 5. cxd5 Nxd5 6. Bg2 Nc6 7. O-O Be7 8. d4
O-O 9. Nxd5 exd5 10. dxc5 Bxc5 11. Qc2 Bb6 12. Ng5 g6 13. Qd2 d4 14. Nh3 Bf5
15. Nf4 Re8 16. b4 Qd6 17. a3 Be4 18. Bb2 Bxg2 19. Kxg2 Re4 20. Rac1 Rae8 21.
Rfe1 Ne7 22. Kg1 Nf5 23. Rc2 h5 24. Qd3 h4 25. Rc8 Bd8 26. Qf3 Kh7 27. Nd3 hxg3
28. hxg3 b6 29. Bc1 Kg7 30. Bf4 Qe6 31. Ra8 Qd7 32. Rc1 Rxe2 33. Rcc8 Bf6 34.
Rc7 Qb5 35. Raxa7 R2e7 36. a4 Rxc7 37. Bxc7 Qc4 38. Bxb6 Qc2 39. a5 Qb1+ 40.
Kg2 Rh8 41. Rxf7+ Kxf7 0-1

[Event "BL 8990 Lasker-Koblenz"]
[Site "?"]
[Date "1990.??.??"]
[Round "?.2"]
[White "Fries Nielsen, J."]
[Black "Braga, F."]
[Result "1/2-1/2"]
[WhiteElo "2425"]
[BlackElo "2470"]
[PlyCount "109"]
[EventDate "1990.??.??"]

1. Nf3 g6 2. e4 Bg7 3. d4 d6 4. c3 Nf6 5. Bd3 O-O 6. O-O Nbd7 7. a4 e5 8. Nbd2
Re8 9. Re1 Nh5 10. Bf1 h6 11. a5 c6 12. Nc4 Qe7 13. Be3 exd4 14. cxd4 Ndf6 15.
Bd3 Be6 16. Na3 Bg4 17. Bd2 Nd7 18. Nc2 c5 19. Be3 Rac8 20. h3 Bxf3 21. Qxf3
cxd4 22. Nxd4 Ne5 23. Qd1 Nxd3 24. Qxd3 Qxe4 25. Qxe4 Rxe4 26. Nb5 Rd8 27. Bxa7
Rb4 28. Bb6 Rd7 29. Nc7 Rxb2 30. Rad1 Rc2 31. Nd5 Nf6 32. g3 Nxd5 33. Rxd5 Bf8
34. Rb1 f5 35. Rdb5 d5 36. Rd1 d4 37. Rxd4 Rxd4 38. Bxd4 Rc7 39. Rb6 g5 40. Kg2
Rd7 41. Be3 Bd6 42. Kf3 Kf7 43. g4 fxg4+ 44. hxg4 Bf8 45. Ke4 Bg7 46. Bc5 Bf6
47. Rb3 Kg6 48. Rb5 Kf7 49. Bb6 Kg6 50. Be3 Re7+ 51. Kd3 Re5 52. Bc5 h5 53.
gxh5+ Kxh5 54. Kc4 Be7 55. Bxe7 1/2-1/2

[Event "BL 8990 Lasker-Koblenz"]
[Site "?"]
[Date "1990.??.??"]
[Round "?.3"]
[White "Seul, G."]
[Black "Muse, M."]
[Result "1/2-1/2"]
[WhiteElo "2355"]
[BlackElo "2415"]
[PlyCount "63"]
[EventDate "1990.??.??"]

1. d4 g6 2. e4 Bg7 3. c3 d6 4. Nf3 Nf6 5. Qc2 O-O 6. Bg5 c5 7. dxc5 dxc5 8.
Nbd2 Qc7 9. Be2 b6 10. O-O Bb7 11. Rfe1 h6 12. Bh4 Nh5 13. Nc4 g5 14. Bg3 Nxg3
15. hxg3 Nd7 16. a4 a6 17. Rad1 Rfd8 18. Bf1 Bc6 19. Ne3 e6 20. Ng4 b5 21. axb5
axb5 22. Qc1 Ra4 23. Bd3 f5 24. exf5 Rxg4 25. fxe6 Bxf3 26. gxf3 Rxg3+ 27. fxg3
Qxg3+ 28. Kh1 Qh3+ 29. Kg1 Qg3+ 30. Kh1 Qh3+ 31. Kg1 Qg3+ 32. Kh1 1/2-1/2

[Event "BL 8990 Lasker-Koblenz"]
[Site "?"]
[Date "1990.??.??"]
[Round "?.4"]
[White "Lehmann, K."]
[Black "Wolf, V."]
[Result "0-1"]
[WhiteElo "2305"]
[BlackElo "2340"]
[PlyCount "121"]
[EventDate "1990.??.??"]

1. e4 Nf6 2. e5 Nd5 3. d4 d6 4. c4 Nb6 5. exd6 cxd6 6. Nc3 g6 7. h3 Bg7 8. Nf3
O-O 9. Be2 Nc6 10. O-O e5 11. dxe5 dxe5 12. c5 Nd7 13. Be3 h6 14. Qd6 Kh7 15.
Ne4 Nf6 16. Nxf6+ Qxf6 17. Rfd1 Be6 18. Rd2 Rac8 19. Qd3 a6 20. Qa3 Rfd8 21.
Rad1 Rxd2 22. Rxd2 Rd8 23. Qa4 Qe7 24. Rxd8 Nxd8 25. Nd2 f5 26. f3 Bd7 27. Qb3
Bc6 28. Bc4 Qd7 29. Nf1 f4 30. Bf2 e4 31. fxe4 Bxe4 32. Nh2 Bd4 33. Nf3 Bxf2+
34. Kxf2 Qe7 35. Kf1 Qxc5 36. Qc3 Qd6 37. Ne5 b5 38. Ng4 Qd1+ 39. Kf2 Qc2+ 40.
Qxc2 Bxc2 41. Bd5 Bf5 42. Kf3 g5 43. Be4 Bxe4+ 44. Kxe4 Nc6 45. h4 Kg6 46. hxg5
hxg5 47. Nf2 Kh5 48. Kd5 Nb4+ 49. Kc5 Nxa2 50. Kb6 b4 51. Kxa6 b3 52. Kb5 Nc1
53. Kc4 Kh4 54. Kc3 g4 55. Ne4 g3 56. Nd2 Kg4 57. Nf3 Kf5 58. Kd2 Na2 59. Kd3
Nb4+ 60. Kc3 Nc2 61. Kxb3 0-1

[Event "BL 8990 Lasker-Koblenz"]
[Site "?"]
[Date "1990.??.??"]
[Round "?.5"]
[White "Schulz, KJ."]
[Black "Junge, R."]
[Result "1-0"]
[WhiteElo "2350"]
[BlackElo "2360"]
[PlyCount "77"]
[EventDate "1990.??.??"]

1. Nf3 Nf6 2. c4 c5 3. g3 g6 4. Bg2 Nc6 5. d4 cxd4 6. Nxd4 Bg7 7. O-O O-O 8.
Nc3 Nxd4 9. Qxd4 d6 10. Qd3 a6 11. Bg5 h6 12. Bf4 Kh7 13. b3 Qa5 14. Rac1 Bf5
15. Qd2 Rab8 16. Rfd1 b5 17. e4 Bg4 18. f3 Bd7 19. c5 e5 20. Be3 b4 21. Nd5
Nxd5 22. exd5 dxc5 23. Rxc5 Qd8 24. Rdc1 f5 25. R1c4 Rf6 26. Rh4 f4 27. gxf4
Rf8 28. Qf2 Bf6 29. Rxh6+ Kxh6 30. fxe5+ Kh7 31. exf6 Qxf6 32. Rc4 Kg8 33. Qg3
Bb5 34. Bd4 Qf5 35. Qc7 Qf7 36. Qe5 Kh7 37. Rc7 Bd7 38. Qg5 Kg8 39. Rxd7 1-0

[Event "BL 8990 Lasker-Koblenz"]
[Site "?"]
[Date "1990.??.??"]
[Round "?.6"]
[White "Maxion, D."]
[Black "Brueckner, T."]
[Result "1/2-1/2"]
[WhiteElo "2210"]
[BlackElo "2410"]
[PlyCount "49"]
[EventDate "1990.??.??"]

1. e4 e5 2. Nf3 Nc6 3. Bb5 a6 4. Ba4 Nf6 5. O-O Be7 6. Re1 b5 7. Bb3 d6 8. c3
O-O 9. h3 Nb8 10. d4 Nbd7 11. Nbd2 Bb7 12. Bc2 Re8 13. Nf1 Bf8 14. Ng3 g6 15.
a4 Bg7 16. Bd3 c6 17. Bg5 h6 18. Bd2 Qc7 19. Qc1 Kh7 20. Qc2 Nf8 21. dxe5 dxe5
22. Be3 Ne6 23. Bf1 Rad8 24. Red1 Bf8 25. b3 1/2-1/2

[Event "BL 8990 Lasker-Koblenz"]
[Site "?"]
[Date "1990.??.??"]
[Round "?.7"]
[White "Doncevic, D."]
[Black "Paulsen, D."]
[Result "1/2-1/2"]
[WhiteElo "2335"]
[BlackElo "2295"]
[PlyCount "21"]
[EventDate "1990.??.??"]

1. e4 Nf6 2. e5 Nd5 3. d4 d6 4. Nf3 Bg4 5. Be2 c6 6. O-O Bxf3 7. Bxf3 dxe5 8.
dxe5 e6 9. b3 Nd7 10. Bb2 Bb4 11. a3 1/2-1/2

[Event "BL 8990 Lasker-Koblenz"]
[Site "?"]
[Date "1990.??.??"]
[Round "?.8"]
[White "Schneider, Bhd"]
[Black "Schlick, V."]
[Result "0-1"]
[WhiteElo "2265"]
[BlackElo "2295"]
[PlyCount "124"]
[EventDate "1990.??.??"]

1. g3 Nf6 2. Bg2 d5 3. d3 g6 4. f4 Bg7 5. Nf3 O-O 6. O-O c6 7. c3 Nbd7 8. a4 a5
9. Kh1 Qb6 10. Na3 Ng4 11. d4 Ndf6 12. Ne5 Ne4 13. Nd3 h5 14. Bxe4 dxe4 15. Nc5
Qd8 16. h3 Nf6 17. Kg2 b6 18. Nb3 e3 19. Bxe3 Qd5+ 20. Rf3 Qe6 21. f5 gxf5 22.
c4 Ba6 23. Qc2 Ne4 24. Raf1 Qg6 25. Nd2 h4 26. g4 fxg4 27. hxg4 Qxg4+ 28. Kh2
Ng3 29. Rg1 Bc8 30. Rgxg3 hxg3+ 31. Rxg3 Qh5+ 32. Kg1 Bf5 33. Qc1 Bg6 34. Nf3
Rad8 35. Nc2 Rd6 36. Nce1 Re6 37. Ng2 Rf6 38. Nf4 Qf5 39. Ne5 Qe4 40. Nh3 Rd6
41. Nf2 Qb1 42. Qxb1 Bxb1 43. d5 cxd5 44. cxd5 Re8 45. Nc4 Rxd5 46. Bxb6 Rc8
47. b3 Rc6 48. e4 Rh5 49. Bd8 Re6 50. Bxa5 Kf8 51. Bb6 Rxb6 52. Nxb6 Bd4 53.
Nc4 Bxe4 54. Ne3 Bb7 55. Kf1 f5 56. Nc4 Rh2 57. Nd3 Be4 58. a5 f4 59. Nxf4 Rf2+
60. Ke1 Rxf4 61. Rg5 Rh4 62. a6 Rh1+ 0-1